000 00727nam a2200205 i 4500
001 23810
003 ES-MaACL
005 20230906152934.0
007 t|
008 021212s1934 xxu ||||1| eng d
100 1 _aAnderson, Theodore.
_921473
245 1 0 _aCarlos María Ocantos, argentine novelist
_b: a study of indigenous french and spanish elements in his work /
_cby Theodore Anderson.
260 _aNew Haven :
_bYale University Press,
_c1934 (
_eParis :
_fFirmin Didot)
300 _aXII, 136 p. :
_b1 retr. ;
_c24 cm.
490 1 _aYale Romanie Studies ;
_v8
600 0 4 _aOcantos, Carlos María.
_986453
830 0 _aYale Romanie Studies ;
_v8
_9229056
852 _aES-MaACL
_jA-2923
999 _c23810
_d23810